Nennen Sie die OPEC- und NON-OPEC-Länder - Statistiken

Allgemein
  • Dieses Quiz wurde 19 mal gespielt
  • Das Durchschnittsergebnis liegt bei 12 aus 21
Antwortstatistiken
Hint Antwort % Korrekt
NON-OPEC - R Russland
88%
NON-OPEC - V Vereinigte Staaten
81%
Irak
75%
OPEC - I Iran
75%
NON-OPEC - K Kanada
75%
NON-OPEC - C China
69%
Algerien
63%
OPEC - S Saudi-Arabien
63%
OPEC - V Venezuela
63%
OPEC - A Angola
56%
NON-OPEC - B Brasilien
56%
Vereinigte Arabische Emirate
56%
Kuwait
50%
NON-OPEC - M Mexiko
50%
OPEC - N Nigeria
50%
OPEC - E Ecuador
44%
Äquatorialguinea
31%
OPEC - G Gabun
31%
OPEC - K Kongo
31%
OPEC - L Libyen
25%
NON-OPEC - N Norwegen
25%
Keine übereinstimmenden Quizze gefunden
Verteilung der Resultate
Anzahl Personen mit jedem Resultat
Perzentil nach korrekt beantworteten Fragen
Ihre Resultats-Entwicklung
Sie haben dieses Quiz noch nicht gespielt